MDQL
is popping MORE tags! Check the
thread
!
Quizzes
Events
Quiz Creation
Community
Videos
Private Events
Remove Ads
Sign In
Join for FREE
Feedback
Dark Mode
Quiz Categories
Sports
Geography
Music
Movies
Television
Just For Fun
Miscellaneous
History
Literature
Language
Science
Gaming
Entertainment
Religion
Holiday
For Kids
Quiz Lab
Recent
Popular Today
Quiz Kudos Today
Editor Picks
Curator Picks
Quizzes by...
Day
Popularity
Type
Ratings
Length
Year
Community
Subscriptions
Recent Discussions
Orange Saloon
Badges
Playlists
Quests
Create
Leaderboards
Showdown
Live 5
Trivia Bingo
Activity
Puzzle Library
Sporcle Events
Private Events
Virtual Trivia
Globe League
Become a Host
Pub Owners
SporcleCon
Opinionation
Our Games
Videos
Blog
Mobile Apps
Partnerships
Remove Ads and Go Orange
Feedback
Television
TV Characters
TV Show
Sitcom
Network
Friends
Reality Shows
Cast
South Park
Star Trek
The Simpsons
Doctor Who
Television
TV Characters
TV Show
Sitcom
Network
Friends
Reality Shows
Cast
South Park
Star Trek
The Simpsons
Doctor Who
Random Quiz
Search Sporcle
×
Quiz Lab
Quiz Lab
Television
Show
Type in answers that appear in a list
Type in answers that appear in a list
Classic
Best Score? Go Orange.
T.v show by creator Stats
Can you name the T.v show by creator?
By
higuy45
5m
10 Questions
29 Plays
29 Plays
29 Plays
Comments
Comments
Give Quiz Kudos
Give Quiz Kudos
-
- Ratings
hide this ad
Replay
Link that replays current quiz
Next Quiz
Link to next quiz in quiz playlist
You Got
0%
They Got
Avg Score
23%
Avg Friend Score
Upgrade to see
Score Distribution
Jump to the score distribution portion of the page
Score
0/10
Timer
05:00
0
Plays Today
Hint
% Correct
Family guy, American dad, Cleveland Show
Seth Macfarlane
65.5%
Dick Van Dyke show
Carl Reiner
44.8%
Lost
J.J Abrams
44.8%
The Honeymooners
Jackie Gleason
34.5%
Futurama, The Simpsons
Matt Groeing
13.8%
Friends
David Crane & Martha. Kauffman
13.8%
Seinfeld
Larry David & Jerry Seinfeld
10.3%
How I met your Mother
Carter Bays & Craig Thomas
6.9%
That 70's show
Bonnie Turner, Terry Turner, Mark Brazill
3.4%
I love Lucy
Bob Carroll Jr., Jess Oppenheimer, Madelyn Davis
0%
Quiz Playlist
Details
Report
Send in Message
Add To Playlist
Classic:
Type in answers that appear in a list
Last Updated: Feb 16, 2017
Quiz Scoreboard
CHALLENGE
Sign Up to Join the Scoreboard
Show All
Scores
Hide
Comments
May contain spoilers
Recently Published
1-10 Letter E Words III
by El_Dandy
Language
2m
Street Fighter Characters
by Artimus82
Gaming
60s
College Basketball Coaching Resumes
by pancakes188
Sports
9m
More to Explore
Quiz From the Vault
Featured Blog Post
Where Did the Easter Bunny Come From?
hide this ad
You Might Also Like...
Tags
Show Quiz
creator
Today's Top Quizzes in Television
Browse Television
hide this ad
Today's Top Quizzes in Show
Browse Show
Top Contributed Quizzes in Television
1
Survivor Journey Challenge
2
Adjectives in 80s TV Shows
3
Adjectives in 00s TV Shows
4
5-to-1: The Simpsons Families
5
Adjectives in 10s TV Shows
6
5-to-1: Television Doctors
7
7-to-1: TV Show Settings
8
Adjectives in 70s TV Shows
9
5-to-1: Streaming Originals
10
Survivor Seasons
Explore More
Trending Topics
NBA
Crossword
Harry Potter
Kpop
Anime
Marvel
Disney
The Office
Soccer
Puzzle
WWE
Song
Country
Pokémon
NFL
hide this ad
More By:
higuy45
Quiz
Plays
Rating
Category
Featured
Created
Director and Movie
100
1.09
Movies
Aug 8, 2012
T.V Dad's and their jobs
95
1.00
Television
Aug 11, 2012
who plays that cast member from American Dad
67
2.00
Television
May 14, 2011
T.v show by creator
29
1.22
Television
Aug 29, 2012
Movie by screenwriter
11
1.00
Movies
Aug 28, 2012
Go to Creator's Profile
Score Distribution
Quiz Creator Spotlight
higuy45
Follow
Send a Message
Quizzes Created
-
Created Quiz Play Count
-
More By This Creator
Popular Quizzes Today
1
Find the US States - No Outlines Minefield
2
Find the Countries of Europe - No Outlines Minefield
3
Find the US States
4
The Countries of the World
5
Risky Map Clicking: Biggest States A-Z
6
US States
7
Popular People in 1961
8
Movies - When Are They Set?
More Television Quizzes
The Simpsons: Canyonero!
Published
Trending Quizzes
Risky Map Clicking: Least Populous States A-Z
1-10 Letter G Words
Countries of the World: 200 Million BC
1-10 Letter F Words
Risky Map Clicking: Next State Alphabetically
Recently Updated
Rides in Walt Disney World
pecheneg
Most Oscar Losses (Acting)
pecheneg
Beyoncé Albums
pecheneg
Leaping Animals
pecheneg
Reality TV Shows (A-Z)
bhenderson79
Rickey Henderson's Hall of Fame Teammates
pecheneg
Champions League XIs: Arsenal
pecheneg
Quick Pick: Celebrities in WWE's Hall of Fame
aduchscher
A-Z Keypad Blitz II
pecheneg
Trending Topics
Anime
Harry Potter
NBA
Marvel
Kpop
Crossword
Disney
Country
Soccer
Puzzle
Song
WWE
Pokémon
NFL
The Office
Your Account Isn't Verified!
In order to create a playlist on Sporcle, you need to verify the email address you used during registration. Go to your
Sporcle Settings
to finish the process.
Report this User
Report this user for behavior that violates our
Community Guidelines
.
Details:
Send Report
Go to the Sporcle.com Mobile Site →
Comments